00484 2200181 4500001002100000005001500021008004100036020001800077035001900095041000700114082001000121090001600131100001900147245005300166260003700219300002600256650002000282INLIS00000000002140320241224131040241224||||||||| | ||| |||| || |  a602-7699-80-9 0010-1224021403 aid0 a371.3 a371.3 JHO s0 ajho djamaludin00aSiap Tempur Habis-habisan Di Ujian Nasional 2015 aTangerang SelatanbSealova Media a25,5x19 cm, 338 hlm.; 0aIlmu Pendidikan